<?xml version="1.0" encoding="UTF-8"?>
<record
    xmlns:xsi="http://www.w3.org/2001/XMLSchema-instance"
    xsi:schemaLocation="http://www.loc.gov/MARC21/slim http://www.loc.gov/standards/marcxml/schema/MARC21slim.xsd"
    xmlns="http://www.loc.gov/MARC21/slim">

  <leader>01495nam a2200325 i 4500</leader>
  <controlfield tag="001">768714001</controlfield>
  <controlfield tag="003">CO-MdFUSB</controlfield>
  <controlfield tag="005">20201204164939.0</controlfield>
  <controlfield tag="007">ta</controlfield>
  <controlfield tag="008">200602t2008    ck  |||| |||| 00| 0 spa d</controlfield>
  <datafield tag="020" ind1=" " ind2=" ">
    <subfield code="a">9789584513250</subfield>
  </datafield>
  <datafield tag="040" ind1=" " ind2=" ">
    <subfield code="a">CO-MdFUSB</subfield>
    <subfield code="b">spa</subfield>
    <subfield code="c">CO-MdFUSB</subfield>
    <subfield code="d">CO-MdFUSBC</subfield>
    <subfield code="e">rda</subfield>
  </datafield>
  <datafield tag="041" ind1=" " ind2=" ">
    <subfield code="a">spa</subfield>
    <subfield code="h">fre</subfield>
  </datafield>
  <datafield tag="082" ind1=" " ind2=" ">
    <subfield code="2">23</subfield>
    <subfield code="a">780.1</subfield>
    <subfield code="b">B248</subfield>
  </datafield>
  <datafield tag="100" ind1=" " ind2=" ">
    <subfield code="a">Barenboim, Daniel, </subfield>
    <subfield code="e">autor</subfield>
  </datafield>
  <datafield tag="240" ind1=" " ind2=" ">
    <subfield code="a">La musica sveglia il tempo.</subfield>
  </datafield>
  <datafield tag="245" ind1=" " ind2="3">
    <subfield code="a">El sonido es vida</subfield>
    <subfield code="b">: el poder de la m&#xFA;sica.</subfield>
    <subfield code="c">/ Daniel Barenboim ; Dolors Udina</subfield>
  </datafield>
  <datafield tag="264" ind1=" " ind2="1">
    <subfield code="a">Bogot&#xE1; : </subfield>
    <subfield code="b">Norma,</subfield>
    <subfield code="c">[2008]</subfield>
  </datafield>
  <datafield tag="264" ind1=" " ind2="4">
    <subfield code="c">&#xA9; 2008</subfield>
  </datafield>
  <datafield tag="300" ind1=" " ind2=" ">
    <subfield code="a">203 p&#xE1;ginas</subfield>
    <subfield code="c">; 20 cm</subfield>
  </datafield>
  <datafield tag="336" ind1=" " ind2=" ">
    <subfield code="2">rdacontent</subfield>
    <subfield code="a">texto</subfield>
    <subfield code="b">txt</subfield>
  </datafield>
  <datafield tag="337" ind1=" " ind2=" ">
    <subfield code="2">rdamedia</subfield>
    <subfield code="a">sin mediaci&#xF3;n</subfield>
    <subfield code="b">n</subfield>
  </datafield>
  <datafield tag="338" ind1=" " ind2=" ">
    <subfield code="2">rdacarrier</subfield>
    <subfield code="a">volumen</subfield>
    <subfield code="b">nc</subfield>
  </datafield>
  <datafield tag="520" ind1=" " ind2=" ">
    <subfield code="a">&#x201C;&#xC9;ste no es un libro para m&#xFA;sicos, ni tampoco para no m&#xFA;sicos, sino m&#xE1;s bien para la mente curiosa que desea descubrir los paralelismos entre la m&#xFA;sica y la vida&#x2026;&#x201D; 
Daniel Barenboim ,en estas p&#xE1;ginas , hace evidente de qu&#xE9; manera la m&#xFA;sica, como lenguaje universal y al margen del tiempo, es parte esencial e inseparable de la vida, y expresa, de la mejor forma, la relaci&#xF3;n del individuo consigo mismo y con el mundo. &#x201C;La m&#xFA;sica puede ser la mejor escuela para la vida, y al mismo tiempo, el medio m&#xE1;s eficaz para huir de ella.&#x201D;</subfield>
  </datafield>
  <datafield tag="563" ind1=" " ind2=" ">
    <subfield code="a">R&#xFA;stico</subfield>
  </datafield>
  <datafield tag="653" ind1=" " ind2=" ">
    <subfield code="a">M&#xFA;sica -- Historia y cr&#xED;tica.</subfield>
  </datafield>
  <datafield tag="700" ind1=" " ind2=" ">
    <subfield code="9">4106</subfield>
    <subfield code="a">Udina, Dolors.</subfield>
    <subfield code="e">traductor</subfield>
  </datafield>
  <datafield tag="942" ind1=" " ind2=" ">
    <subfield code="c">BK</subfield>
  </datafield>
  <datafield tag="945" ind1=" " ind2=" ">
    <subfield code="a">JTF-925</subfield>
  </datafield>
  <datafield tag="952" ind1=" " ind2=" ">
    <subfield code="0">0</subfield>
    <subfield code="1">0</subfield>
    <subfield code="2">ddc</subfield>
    <subfield code="4">0</subfield>
    <subfield code="7">0</subfield>
    <subfield code="8">GEN</subfield>
    <subfield code="a">FUSBC</subfield>
    <subfield code="b">FUSBC</subfield>
    <subfield code="d">2020-06-02</subfield>
    <subfield code="e">Donaci&#xF3;n Atiencia </subfield>
    <subfield code="l">0</subfield>
    <subfield code="o">G 780.1 B248s</subfield>
    <subfield code="p">12532</subfield>
    <subfield code="r">2020-06-02 00:00:00</subfield>
    <subfield code="t">Ej.1</subfield>
    <subfield code="w">2020-06-02</subfield>
    <subfield code="y">BK</subfield>
    <subfield code="k">18</subfield>
    <subfield code="I">INV2022</subfield>
  </datafield>
  <datafield tag="999" ind1=" " ind2=" ">
    <subfield code="c">65994</subfield>
    <subfield code="d">65994</subfield>
  </datafield>
</record>
